Satisfaction with Cultural Facilities in EU Capital Cities - Statistics

General Stats
  • This quiz has been taken 169 times
    151 since last reset
  • The average score is 9 of 12
Answer Stats
rank Culture happy cities score % Correct
12 Paris, France 85
96%
8 Berlin, Germany 87
93%
3 Stockholm, Sweden 90
86%
6 Amsterdam, Holland 88
84%
1 Vienna, Austria 97
79%
8 Dublin, Ireland 87
78%
2 Helsinki, Finland 94
78%
5 Copenhagen, Denmark 89
76%
3 Prague, Czech Republic 90
72%
8 Riga, Latvia 87
63%
8 Luxembourg, Luxembourg 87
60%
6 Tallinn, Estonia 88
58%
No matching quizzes found
Score Distribution
Percent of People with Each Score
Percentile by Number Answered
Your Score History
You have not taken this quiz since the last reset